00410nam a2200157Ia 4500003000400000005001700004008004100021020001800062040000900080082002300089100002100112245004600133260004300179300000900222650002100231OSt20201012111226.0190216s9999||||xx |||||||||||||| ||und|| a9788126144396 coclc a070.1950954bSID/T aSiddiqui, Hasan  0aTelevision Broadcasting /cHasan Siddiqui bAnmol Publications,c2011.aNew Delhi: a316p aComputer Science